000 00768nam0a22002411 4500
001 rc\3031821
005 20250530020536.0
035 _a(NLR Aleph) 007172724
090 _a7362440
_c7362440
100 _a20111002d1940 |||y0rusy50 ca
101 0 _arus
102 _aRU
105 _ay z |||||
200 1 _aО сказках нашего края
210 _a[Красноярск]
_cБ. и.
_d[1940]
215 _aС. 3-26
300 _aВ кн.: Красноженова, Мария Васильевна. Сказки нашего края. [Красноярск]. Краснояргиз. 1940. С. 3-26
700 1 _aСавинич
_bС.Ф.
801 0 _aRU
_bNLR
_gpsbo
801 1 _aRU
_bELAR
_2rusmarc
852 _aNLR
_j40-3/478
942 _cBOOK
980 _aNB